Clic Qui a composé les musiques de ces films ? - Statistiques

Statistiques générales
  • Ce quiz a été pris 54 fois
  • Le résultat moyen est 12 sur 48
Statistiques - réponses
Hint Réponse % Correct
Star Wars John Williams
84%
Le bon, la brute et le truand Ennio Morricone
80%
Indiane Jones et le temple maudit John Williams
73%
Et pour quelques dollars de plus Ennio Morricone
64%
Il était une fois dans l'ouest Ennio Morricone
62%
La liste de Schindler John Williams
58%
Peau d'âne Michel Legrand
51%
Les aventures de Rabbi Jacob Vladimir Cosma
49%
Blade Runner Vangelis
38%
Les chariots de feu Vangelis
38%
1492 : Christophe Colomb Vangelis
38%
Le grand blond avec une chaussure noire Vladimir Cosma
38%
Goldfinger John Barry
36%
Le Docteur Jivago Maurice Jarre
33%
Danse avec les loups John Barry
29%
La Strada Nino Rota
29%
Les bronzés font du ski Pierre Bachelet
29%
Un homme et une femme Francis Lai
27%
Le vieux fusil François de Roubaix
27%
Les uns et les autres Francis Lai
22%
Dernier domicile connu François de Roubaix
22%
Out of Africa John Barry
22%
Edith et Marcel Francis Lai
20%
Les Grandes Gueules François de Roubaix
20%
Hibernatus Georges Delerue
18%
Un été 42 Michel Legrand
18%
Les choses de la vie Philippe Sarde
18%
Bosalino Claude Bolling
16%
Faut pas prendre les enfants du bon Dieu pour des canards sauvages Georges van Parys
16%
Emmanuelle Pierre Bachelet
13%
Alexandre le Bienheureux Vladimir Cosma
13%
Le Cerveau Georges Delerue
11%
Diën Biën Phu Georges Delerue
11%
Le capitaine Fracasse Georges van Parys
11%
Elisa Michel Colombier
11%
La Piscine Michel Legrand
11%
Adieu Poulet Philippe Sarde
11%
Les Misérables 1958 Georges van Parys
9%
Le jour le plus long Maurice Jarre
9%
L'Héritier Michel Colombier
9%
Les brigades du Tigre Claude Bolling
7%
Le Président Maurice Jarre
7%
Le Pacha Michel Colombier
7%
L'année sainte Claude Bolling
4%
Deux hommes dans la ville Philippe Sarde
4%
L'ennemi public n°1 Nino Rota
2%
El Alamein Nino Rota
2%
Un crime au paradis Pierre Bachelet
2%
Aucun quiz correspondant
Distribution des résultats
% des personnes avec chaque résultat
Percentile par nombre de réponses
Votre historique - résultats
Vous n’avez pas pris ce quiz